Olivia Rodrigo - Paroles lacy - Statistiques

Statistiques générales
  • Ce quiz a été pris 173 fois
  • Le résultat moyen est 162 sur 204
Statistiques - réponses
Hint Réponse % Correct
Couplet 1 | Outro Lacy,
100%
oh,
100%
Refrain Oh,
100%
you
99%
You
99%
I
98%
like
95%
Like
95%
on
95%
care,
93%
care
93%
thing
92%
that
91%
the
91%
The
91%
to
91%
are
89%
in
89%
try,
89%
try
89%
Try
89%
of
88%
my
87%
My
87%
your
87%
angel
86%
skin
86%
all
85%
ever
84%
it
84%
one
83%
Aren't
82%
aren't
82%
do
82%
hell?
82%
wear
82%
But
80%
sweetest
80%
this
80%
hair
78%
want
78%
it's
77%
side
77%
pastry
76%
People
76%
people
76%
time
76%
get
75%
I'm
75%
not
75%
got
74%
made
74%
Dear
73%
every
73%
me
73%
well?
73%
Well,
73%
you're
72%
dust
71%
exist?
71%
as
70%
could
70%
doing
70%
puff
70%
see
70%
tell
70%
feel
68%
lately
68%
life
68%
Did
67%
eyes
67%
over
67%
perfume
67%
ribbons
65%
takes
65%
little
64%
torture
63%
And
62%
and
62%
bullets
62%
daisies
62%
everywhere
61%
compliments
60%
losing
60%
greatest
59%
how
59%
for
58%
linger
58%
sexy
58%
rationalize
57%
white
57%
fell
55%
knots
55%
out
55%
bear
54%
Couplet 2 Smart
54%
jealous
53%
stomach's
53%
they
53%
much
52%
poison
52%
Bardot
51%
hard
51%
mind
51%
Watchin',
51%
Yeah,
49%
just
48%
reincarnate
46%
despise
45%
worships
45%
rotten
39%
sight
38%
plain
35%
starlet,
35%
Dazzling
34%
hidden
33%
loathe
26%
Aucun quiz correspondant
Distribution des résultats
% des personnes avec chaque résultat
Percentile par nombre de réponses
Votre historique - résultats
Vous n’avez pas pris ce quiz